[Event "North American-ch U08"]
[Site "Montreal"]
[Date "2010.08.17"]
[Round "4"]
[White "Su, Michael"]
[Black "Lai, William"]
[Result "1-0"]
[WhiteElo "1230"]
[BlackElo "1084"]
[PlyCount "51"]
[EventDate "2010.08.16"]
[EventType "swiss"]
[EventRounds "7"]
[EventCountry "CAN"]
[SourceTitle "EXT 2013"]
[Source "ChessBase"]
[SourceDate "2012.11.22"]
[SourceVersion "1"]
[SourceVersionDate "2012.11.22"]
[SourceQuality "1"]

1. e4 e6 2. d4 d5 3. Nc3 Bb4 4. e5 c5 5. a3 Bxc3+ 6. bxc3 Ne7 7. Qg4 Qc7 8. Qxg7 Rg8 9. Qxh7 cxd4 10. cxd4 Qc3+ 11. Ke2 Qxa1 12. Be3 Nbc6 13. Nf3 Qxa3 14. Ng5 Rf8 15. h4 Qc3 16. Nf3 Qxc2+ 17. Qxc2 Bd7 18. h5 Rc8 19. Qd3 Rh8 20. g4 a5 21. Bg5 b5 22. Bf6 Rg8 23. g5 a4 24. h6 Nb4 25. Qa3 Nec6 26. h7 1-0

[Event "North American-ch U08"]
[Site "Montreal"]
[Date "2010.08.16"]
[Round "1"]
[White "Lai, William"]
[Black "Kotsovolos, Nikolas"]
[Result "1-0"]
[WhiteElo "1084"]
[BlackElo "691"]
[PlyCount "23"]
[EventDate "2010.08.16"]
[EventType "swiss"]
[EventRounds "7"]
[EventCountry "CAN"]
[SourceTitle "EXT 2013"]
[Source "ChessBase"]
[SourceDate "2012.11.22"]
[SourceVersion "1"]
[SourceVersionDate "2012.11.22"]
[SourceQuality "1"]

1. e4 e5 2. Nf3 d6 3. Bc4 Bg4 4. Nc3 Nc6 5. h3 Bxf3 6. Qxf3 f6 7. Qg4 Nb4 8. Qe6+ Be7 9. Bb3 a5 10. a3 Nc6 11. Qf7+ Kd7 12. Be6# 1-0